000
00213 a2200097 4500
001
122155
040
_c
Escola Canadense de Niteroi
100
_a
Disney
245
1
0
_a
Magic English - Sticker Dictionary
942
_c
BK
999
_c
122155
_d
122155